MARC details
| 000 -CABECERA |
| campo de control de longitud fija |
01138cam a2200241 a 4500 |
| 001 - NÚMERO DE CONTROL |
| campo de control |
000004589 |
| 005 - FECHA Y HORA DE LA ÚLTIMA TRANSACCIÓN |
| campo de control |
20200929151451.0 |
| 008 - DATOS DE LONGITUD FIJA--INFORMACIÓN GENERAL |
| campo de control de longitud fija |
881229s1987 ec a 000 p spa |
| 040 ## - FUENTE DE LA CATALOGACIÓN |
| Centro catalogador/agencia de origen |
DO-SdBNP |
| Centro/agencia transcriptor |
DLC |
| Centro/agencia modificador |
DLC |
| 082 ## - NÚMERO DE LA CLASIFICACIÓN DECIMAL DEWEY |
| Número de clasificación |
E861.4 |
| Número de documento/Ítem |
O74c |
| 100 1# - ENTRADA PRINCIPAL--NOMBRE DE PERSONA |
| Nombre de persona |
Orozco, José de |
| Forma completa/desarrollada del nombre |
(José Clemente Orozco), |
| Fechas asociadas al nombre |
1883-1949. |
| 9 (RLIN) |
13386 |
| 245 13 - MENCIÓN DE TÍTULO |
| Título |
La conquista de Menorca : |
| Resto del título |
poema épico en 4 cantos / |
| Mención de responsabilidad, etc. |
José de Orozco; con un ensayo crítico por Alejandro Carrión. |
| 260 ## - PUBLICACIÓN, DISTRIBUCIÓN, ETC. |
| Lugar de publicación, distribución, etc. |
Quito, Ecuador : |
| Nombre del editor, distribuidor, etc. |
Comisión Nacional Permanente de Conmemoraciones Cívicas. |
| -- |
Casa de la Cultura Ecuatoriana "Benjamín Carrión", |
| Fecha de publicación, distribución, etc. |
1987. |
| 300 ## - DESCRIPCIÓN FÍSICA |
| Extensión |
120 p. : |
| Otras características físicas |
il. ; |
| Dimensiones |
18 cm. |
| 490 1# - MENCIÓN DE SERIE |
| Mención de serie |
Contribución al quinto centenario del descubrimiento de América |
| Designación de volumen o secuencia |
no. 2 |
| 490 1# - MENCIÓN DE SERIE |
| Mención de serie |
Encuentro de dos Mundos |
| -- |
no. 2 |
| 650 #4 - PUNTO DE ACCESO ADICIONAL DE MATERIA--TÉRMINO DE MATERIA |
| Término de materia o nombre geográfico como elemento de entrada |
Poesía ecuatoriana |
| 9 (RLIN) |
13387 |
| 650 #4 - PUNTO DE ACCESO ADICIONAL DE MATERIA--TÉRMINO DE MATERIA |
| Término de materia o nombre geográfico como elemento de entrada |
Literatura ecuatoriana |
| 9 (RLIN) |
3938 |
| 700 1# - PUNTO DE ACCESO ADICIONAL--NOMBRE DE PERSONA |
| Nombre de persona |
Carrión, Alejandro |
| 9 (RLIN) |
13388 |
| 710 1# - PUNTO DE ACCESO ADICIONAL--NOMBRE DE ENTIDAD CORPORATIVA |
| Nombre de entidad corporativa o nombre de jurisdicción como elemento de entrada |
Casa de la Cultura Ecuatoriana "Benjamín Carrión" |
| 9 (RLIN) |
9129 |
| 830 #0 - PUNTO DE ACCESO ADICIONAL DE SERIE-TÍTULO UNIFORME |
| Título uniforme |
Contribución al quinto centenario del descubrimiento de América, |
| Nombre de parte o sección de la obra |
Encuentro de dos Mundos ; |
| Designación de volumen o secuencia |
no. 2 |
| 9 (RLIN) |
13389 |
| 910 ## - DATOS DE OPCIÓN DEL USUARIO (OCLC) |
| Datos de opción del usuario |
Catalogación por copia / LC |